000 00536nam a2200193 a 4500
001 000025417
005 20200930023756.0
008 110215s1990 xxu r 000 0 spa d
020 _a0373030452
040 _aDO-SdBNP
_bspa
_cBNPHU
082 _axxxxx
_bC187h
100 1 _aCampbell, Bethany
_952020
245 1 4 _aThe heart of the sun /
_cBethany Campbell.
260 _aNew York :
_bHarlequin Books,
_c1990.
300 _a189 p. ;
_c17.5 cm.
490 1 _aHarlequín ;
_v3045
830 0 _aHarlequín ;
_n3045
_952021
049 _aBNGR
999 _c24909
_d24909